Genesis / (Record no. 21498)
[ view plain ]
| 000 -LEADER | |
|---|---|
| fixed length control field | 01935cam a22004454a 4500 |
| 001 - CONTROL NUMBER | |
| control field | 11904665 |
| 003 - CONTROL NUMBER IDENTIFIER | |
| control field | OSt |
| 005 - DATE AND TIME OF LATEST TRANSACTION | |
| control field | 20260316164010.0 |
| 008 - FIXED-LENGTH DATA ELEMENTS--GENERAL INFORMATION | |
| fixed length control field | 000207s2000 mau b 001 0 eng |
| 010 ## - LIBRARY OF CONGRESS CONTROL NUMBER | |
| LC control number | 00023013 |
| 020 ## - INTERNATIONAL STANDARD BOOK NUMBER | |
| International Standard Book Number | 1565635787 |
| Qualifying information | u.S. : hardcover |
| 020 ## - INTERNATIONAL STANDARD BOOK NUMBER | |
| International Standard Book Number | 1565632117 |
| Qualifying information | U.S. : softcover |
| 020 ## - INTERNATIONAL STANDARD BOOK NUMBER | |
| International Standard Book Number | 0853647224 |
| Qualifying information | U.K. : softcover |
| 020 ## - INTERNATIONAL STANDARD BOOK NUMBER | |
| International Standard Book Number | 9781565635784 |
| Qualifying information | (u.S. : hardcover) |
| 020 ## - INTERNATIONAL STANDARD BOOK NUMBER | |
| International Standard Book Number | 9781565632110 |
| Qualifying information | (U.S. : softcover) |
| 020 ## - INTERNATIONAL STANDARD BOOK NUMBER | |
| International Standard Book Number | 9780853647225 |
| Qualifying information | (U.K. : softcover) |
| 035 ## - SYSTEM CONTROL NUMBER | |
| System control number | 11904665 |
| 040 ## - CATALOGING SOURCE | |
| Original cataloging agency | DLC |
| Transcribing agency | DLC |
| Modifying agency | DLC |
| 042 ## - AUTHENTICATION CODE | |
| Authentication code | pcc |
| 050 00 - LIBRARY OF CONGRESS CALL NUMBER | |
| Classification number | BS1235.3 |
| Item number | .H37 2000 |
| 082 00 - DEWEY DECIMAL CLASSIFICATION NUMBER | |
| Classification number | 222/.11077 |
| Edition number | 21 |
| 100 1# - MAIN ENTRY--PERSONAL NAME | |
| Personal name | Hartley, John E. |
| 245 10 - TITLE STATEMENT | |
| Title | Genesis / |
| Statement of responsibility, etc. | John E. Hartley. |
| 260 ## - PUBLICATION, DISTRIBUTION, ETC. (IMPRINT) | |
| Place of publication, distribution, etc. | Peabody, Mass. : |
| Name of publisher, distributor, etc. | Hendrickson Publishers ; |
| Place of publication, distribution, etc. | Carlisle, Cumbria : |
| Name of publisher, distributor, etc. | Paternoster Press, |
| Date of publication, distribution, etc. | c2000. |
| 300 ## - PHYSICAL DESCRIPTION | |
| Extent | xvii, 393 p. ; |
| Dimensions | 23 cm. |
| 336 ## - CONTENT TYPE | |
| Content type term | text |
| Content type code | txt |
| Source | rdacontent |
| 337 ## - MEDIA TYPE | |
| Media type term | unmediated |
| Media type code | n |
| Source | rdamedia |
| 338 ## - CARRIER TYPE | |
| Carrier type term | volume |
| Carrier type code | nc |
| Source | rdacarrier |
| 440 #0 - SERIES STATEMENT/ADDED ENTRY--TITLE | |
| Title | New International biblical commentary. |
| Name of part/section of a work | Old Testament series ; |
| Volume/sequential designation | 1 |
| 504 ## - BIBLIOGRAPHY, ETC. NOTE | |
| Bibliography, etc | Includes bibliographical references (p. [369]-373) and indexes. |
| 630 00 - SUBJECT ADDED ENTRY--UNIFORM TITLE | |
| Uniform title | Bible. |
| Name of part/section of a work | Genesis |
| Form subdivision | Commentaries. |
| 655 #7 - INDEX TERM--GENRE/FORM | |
| Genre/form data or focus term | Commentaries. |
| Source of term | lcgft |
| Authority record control number | https://id.loc.gov/authorities/genreForms/gf2025026014 |
| 856 41 - ELECTRONIC LOCATION AND ACCESS | |
| Materials specified | Table of contents only |
| Uniform Resource Identifier | <a href="http://www.loc.gov/catdir/toc/fy1002/00023013.html">http://www.loc.gov/catdir/toc/fy1002/00023013.html</a> |
| 856 42 - ELECTRONIC LOCATION AND ACCESS | |
| Materials specified | Publisher description |
| Uniform Resource Identifier | <a href="http://www.loc.gov/catdir/description/hend021/00023013.html">http://www.loc.gov/catdir/description/hend021/00023013.html</a> |
| 856 42 - ELECTRONIC LOCATION AND ACCESS | |
| Materials specified | Contributor biographical information |
| Uniform Resource Identifier | <a href="http://www.loc.gov/catdir/enhancements/fy0706/00023013-b.html">http://www.loc.gov/catdir/enhancements/fy0706/00023013-b.html</a> |
| 906 ## - LOCAL DATA ELEMENT F, LDF (RLIN) | |
| a | 7 |
| b | cbc |
| c | orignew |
| d | 1 |
| e | ocip |
| f | 20 |
| g | y-gencatlg |
| 942 ## - ADDED ENTRY ELEMENTS (KOHA) | |
| Source of classification or shelving scheme | Library of Congress Classification |
| Koha item type | General Collection |
| Withdrawn status | Lost status | Source of classification or shelving scheme | Not for loan | Home library | Current library | Shelving location | Date acquired | Source of acquisition | Inventory number | Total Checkouts | Full call number | Barcode | Date last seen | Date last checked out | Copy number | Price effective from | Koha item type |
|---|---|---|---|---|---|---|---|---|---|---|---|---|---|---|---|---|---|
| Library of Congress Classification | Kabarak, Main Campus | Kabarak, Main Campus | General Stacks | 16/03/2026 | Donation | 2025/3516 | 1 | BS1235.3 .H37 2000 C.1 | 38416 | 27/03/2026 | 27/03/2026 | C.1 | 16/03/2026 | General Collection |